| 000 | 00955nam a2200265 i 4500 | ||
|---|---|---|---|
| 001 | 42878 | ||
| 003 | ES-MaACL | ||
| 005 | 20251003063054.0 | ||
| 007 | t| | ||
| 008 | 170112s2007 sp ao |||| | spa d | ||
| 020 | _a978-84-9718-394-9 | ||
| 080 | _a027(460.18)(091) | ||
| 100 | 1 |
_aBecedas González, Margarita, _d1960- _9161539 |
|
| 245 | 1 | 4 |
_aLas bibliotecas históricas de Castilla y León / _cMargarita Becedas González. |
| 260 |
_a[León] : _bConsejería de Cultura y Turismo, _c2007. |
||
| 300 |
_a228 p. : _bil. col., fot. ; _c34 cm. |
||
| 500 | _aÍndice. | ||
| 504 | _aReferencias bibliográficas. | ||
| 650 | 4 |
_aBibliotecas- _zCastilla y León. _9161540 |
|
| 650 | 0 | 4 |
_aBibliotecas- _zEspaña- _vHistoria. _9153716 |
| 852 |
_aES-MaACL _jA-13970 _944464 _bR.151322 _cDEPO1 _dOlim: N-6970 _hDonación: Real Academia Española |
||
| 914 |
_96336 _aReal Academia Española _ednr |
||
| 942 |
_2udc _cMONOGRAFIA |
||
| 999 |
_c42878 _d42878 |
||